[Event "Mulhouse (Women)"]
[Site "Mulhouse"]
[Date "2012.07.04"]
[Round "4"]
[White "Nikolova, Adriana"]
[Black "Fruteau, Sabine"]
[Result "1-0"]
[WhiteElo "2345"]
[BlackElo "2127"]
[PlyCount "95"]
[EventDate "2012.07.02"]
[EventType "tourn"]
[EventRounds "9"]
[EventCountry "FRA"]
[SourceTitle "CBM 149 Extra"]
[Source "ChessBase"]
[SourceDate "2012.08.24"]
[SourceVersion "1"]
[SourceVersionDate "2012.08.24"]
[SourceQuality "1"]

1. e4 d5 2. exd5 Qxd5 3. Nc3 Qd6 4. d4 Nf6 5. Bd3 a6 6. Nge2 b5 7. Ne4 Qb6 8. Nxf6+ exf6 9. 0-0 Be7 10. Nf4 0-0 11. Qf3 Bb7 12. Nd5 Bxd5 13. Qxd5 Nc6 14. c3 Rad8 15. Qf3 Rfe8 16. Be3 Nb8 17. b4 Qc6 18. Qxc6 Nxc6 19. Be2 Nb8 20. a4 c6 21. Bf3 Bd6 22. axb5 axb5 23. Ra7 Kf8 24. Rfa1 Re7 25. g3 f5 26. h4 f6 27. Kf1 Ke8 28. Ke2 Rxa7 29. Rxa7 Rd7 30. Ra8 Ke7 31. Kd3 Ke6 32. Rxb8 Bxb8 33. Bxc6 Rd8 34. Bxb5 Bd6 35. Bc6 h6 36. d5+ Kf7 37. f4 g5 38. b5 gxh4 39. gxh4 Kg6 40. c4 Kh5 41. c5 Bb8 42. d6 Kxh4 43. Bd4 Rf8 44. Bf2+ Kg4 45. Ke3 Rd8 46. Bf3+ Kh3 47. b6 Kh2 48. Kd4 1-0

[Event "Mulhouse (Women)"]
[Site "Mulhouse"]
[Date "2012.07.03"]
[Round "3"]
[White "Fruteau, Sabine"]
[Black "Choisy, Mathilde"]
[Result "1-0"]
[WhiteElo "2127"]
[BlackElo "2205"]
[PlyCount "41"]
[EventDate "2012.07.02"]
[EventType "tourn"]
[EventRounds "9"]
[EventCountry "FRA"]
[SourceTitle "CBM 149 Extra"]
[Source "ChessBase"]
[SourceDate "2012.08.24"]
[SourceVersion "1"]
[SourceVersionDate "2012.08.24"]
[SourceQuality "1"]

1. e4 c5 2. Nf3 e6 3. d4 cxd4 4. Nxd4 Nc6 5. Be2 Nf6 6. Nc3 a6 7. 0-0 Qc7 8. Be3 Bb4 9. Nxc6 bxc6 10. Na4 Be7 11. Nb6 Rb8 12. Nxc8 Qxc8 13. Qd4 0-0 14. Bg5 Rb4 15. Qd3 Rxb2 16. e5 Nd5 17. Bxe7 Nxe7 18. Qa3 Qb8 19. Qxe7 Qxe5 20. Bd3 d6 21. Bxh7+ 1-0

[Event "Mulhouse (Women)"]
[Site "Mulhouse"]
[Date "2012.07.03"]
[Round "2"]
[White "Lam, Sophie"]
[Black "Fruteau, Sabine"]
[Result "0-1"]
[WhiteElo "2055"]
[BlackElo "2127"]
[PlyCount "54"]
[EventDate "2012.07.02"]
[EventType "tourn"]
[EventRounds "9"]
[EventCountry "FRA"]
[SourceTitle "CBM 149 Extra"]
[Source "ChessBase"]
[SourceDate "2012.08.24"]
[SourceVersion "1"]
[SourceVersionDate "2012.08.24"]
[SourceQuality "1"]

1. e4 e5 2. Nf3 Nc6 3. Bb5 a6 4. Ba4 Nf6 5. 0-0 Be7 6. Re1 b5 7. Bb3 d6 8. h3 0-0 9. c3 Na5 10. Bc2 c5 11. d4 cxd4 12. cxd4 Nc6 13. Nc3 Bd7 14. Nd5 Nxd5 15. exd5 Nxd4 16. Nxd4 exd4 17. Qxd4 Bf6 18. Qb4 Qc7 19. Bd3 a5 20. Qb3 a4 21. Qb4 a3 22. Rb1 Ra4 23. Qb3 Qa5 24. bxa3 Qxe1+ 25. Kh2 Qxf2 26. Bb2 Rh4 27. Bf1 Rxh3+ 0-1

[Event "FRA-chT Top 12"]
[Site "Belfort"]
[Date "2012.06.09"]
[Round "10.8"]
[White "Fruteau, Sabine"]
[Black "Skripchenko, Almira"]
[Result "0-1"]
[WhiteElo "2127"]
[BlackElo "2440"]
[PlyCount "112"]
[EventDate "2012.05.31"]
[EventType "team-tourn"]
[EventRounds "11"]
[EventCountry "FRA"]
[SourceTitle "CBM 148 Extra"]
[Source "ChessBase"]
[SourceDate "2012.06.22"]
[SourceVersion "1"]
[SourceVersionDate "2012.06.22"]
[SourceQuality "1"]
[WhiteTeam "Deauville"]
[BlackTeam "Clichy Echecs 92"]
[WhiteTeamCountry "FRA"]
[BlackTeamCountry "FRA"]

1. e4 d5 2. exd5 Qxd5 3. Nc3 Qd6 4. d4 Nf6 5. Nf3 g6 6. g3 Bg7 7. Bg2 0-0 8. 0-0 c6 9. a3 Bg4 10. Bf4 Qd8 11. Qd2 Nbd7 12. h3 Bxf3 13. Bxf3 Nb6 14. Rab1 Qd7 15. Kg2 Rad8 16. Rfd1 Rfe8 17. Bh6 Nc4 18. Qg5 Bxh6 19. Qxh6 Qf5 20. Qc1 e5 21. g4 Qe6 22. dxe5 Rxd1 23. Qxd1 Nxe5 24. Qd4 h5 25. Re1 hxg4 26. hxg4 Nxf3 27. Rxe6 Nxd4 28. Rxf6 Ne6 29. Rf3 Rd8 30. Ne4 Rd1 31. Re3 Kf8 32. c3 Rb1 33. b4 b5 34. c4 bxc4 35. Rc3 Rb3 36. Rxc4 Rxa3 37. Rxc6 Rb3 38. Rc4 Nf4+ 39. Kh2 Nd5 40. Rc8+ Ke7 41. Ra8 Ra3 42. Rb8 f6 43. Nc5 g5 44. Ne4 Ke6 45. Re8+ Kd7 46. Rb8 Ke7 47. Nc5 Rf3 48. Kg2 Rf4 49. f3 Rxb4 50. Ra8 Rb2+ 51. Kg1 Ra2 52. Ne4 a5 53. Ra6 a4 54. Rd6 Ra1+ 55. Kf2 Nc3 56. Ra6 Nxe4+ 0-1

[Event "FRA-chT Top 12"]
[Site "Belfort"]
[Date "2012.06.06"]
[Round "7.8"]
[White "Fruteau, Sabine"]
[Black "Leroy, Didier"]
[Result "0-1"]
[WhiteElo "2127"]
[BlackElo "2284"]
[PlyCount "126"]
[EventDate "2012.05.31"]
[EventType "team-tourn"]
[EventRounds "11"]
[EventCountry "FRA"]
[SourceTitle "CBM 148 Extra"]
[Source "ChessBase"]
[SourceDate "2012.06.22"]
[SourceVersion "1"]
[SourceVersionDate "2012.06.22"]
[SourceQuality "1"]
[WhiteTeam "Deauville"]
[BlackTeam "Evry Grand Roque"]
[WhiteTeamCountry "FRA"]
[BlackTeamCountry "FRA"]

1. e4 c5 2. Nf3 Nc6 3. Bb5 e6 4. 0-0 Nge7 5. Re1 a6 6. Bf1 b6 7. c3 d5 8. exd5 Nxd5 9. d4 cxd4 10. Nxd4 Bb7 11. Nf5 Nce7 12. Ne3 Qc7 13. Na3 Nxe3 14. Bxe3 Nf5 15. Nc2 Bd6 16. h3 0-0 17. Qg4 Rfd8 18. Bg5 Rd7 19. Ne3 h6 20. Bh4 Nxh4 21. Qxh4 Rad8 22. Qc4 Bh2+ 23. Kh1 Rd2 24. Qxc7 Bxc7 25. Nd1 Kf8 26. Kg1 h5 27. Rb1 b5 28. Be2 h4 29. Ne3 Be4 30. Ra1 Rxb2 31. a4 Bd3 32. Bxd3 Rxd3 33. axb5 axb5 34. Ra8+ Ke7 35. Ra7 Kd8 36. c4 b4 37. c5 Rbd2 38. Rb7 b3 39. Rb1 Rc3 40. R7xb3 Rxc5 41. Rb4 g5 42. Rd1 Rxd1+ 43. Nxd1 f5 44. Kf1 Ba5 45. Ra4 Ke7 46. Ne3 Rc1+ 47. Ke2 Re1+ 48. Kd3 Bb6 49. Ra2 Bxe3 50. fxe3 Kf6 51. Rb2 Rg1 52. Ra2 e5 53. Ra6+ Kf7 54. Ra2 Kg6 55. Rf2 Kf6 56. e4 f4 57. Ra2 Re1 58. Re2 Rd1+ 59. Rd2 Rxd2+ 60. Kxd2 g4 61. Ke2 Kg5 62. Kf2 f3 63. hxg4 fxg2 0-1

[Event "FRA-chT Top 12"]
[Site "Belfort"]
[Date "2012.06.04"]
[Round "5.8"]
[White "Fruteau, Sabine"]
[Black "Choisy, Mathilde"]
[Result "1-0"]
[WhiteElo "2127"]
[BlackElo "2205"]
[PlyCount "105"]
[EventDate "2012.05.31"]
[EventType "team-tourn"]
[EventRounds "11"]
[EventCountry "FRA"]
[SourceTitle "CBM 148 Extra"]
[Source "ChessBase"]
[SourceDate "2012.06.22"]
[SourceVersion "1"]
[SourceVersionDate "2012.06.22"]
[SourceQuality "1"]
[WhiteTeam "Deauville"]
[BlackTeam "Mulhouse Philidor"]
[WhiteTeamCountry "FRA"]
[BlackTeamCountry "FRA"]

1. e4 c5 2. Nf3 e6 3. d4 cxd4 4. Nxd4 Nc6 5. Nxc6 bxc6 6. Bd3 Nf6 7. 0-0 d5 8. Nd2 Be7 9. Qe2 Qc7 10. c4 Bb7 11. b3 0-0 12. Bb2 Rfd8 13. e5 Nd7 14. f4 Nc5 15. Bc2 d4 16. Rf3 g6 17. Ne4 Nxe4 18. Bxe4 a5 19. a4 Rab8 20. Rd1 c5 21. Bc1 Bxe4 22. Qxe4 Qb7 23. Qe1 Ra8 24. Rdd3 Rdb8 25. Bd2 Bd8 26. g4 Qe7 27. g5 Ra7 28. Rh3 h5 29. gxh6 Kh7 30. Qe4 Qb7 31. Qe2 Qe7 32. Rdf3 Bb6 33. Be1 Bd8 34. Qe4 Qb7 35. Qc2 Qc7 36. Qg2 Qd7 37. Qe2 Ra6 38. Qc2 Ra7 39. Rh5 Rab7 40. Rhh3 Ra7 41. Rfg3 Rab7 42. Rg4 Bb6 43. Rhg3 Rg8 44. Qe4 Rbb8 45. h4 Qe8 46. h5 Rd8 47. hxg6+ Rxg6 48. Rxg6 fxg6 49. Qb7+ Qd7 50. Qxb6 Rf8 51. Bd2 Qe7 52. Qxa5 Qh4 53. Qc7+ 1-0

[Event "FRA-chT Top 12"]
[Site "Belfort"]
[Date "2012.06.03"]
[Round "4.8"]
[White "Benmesbah, Natacha"]
[Black "Fruteau, Sabine"]
[Result "1-0"]
[WhiteElo "2208"]
[BlackElo "2127"]
[PlyCount "50"]
[EventDate "2012.05.31"]
[EventType "team-tourn"]
[EventRounds "11"]
[EventCountry "FRA"]
[SourceTitle "CBM 148 Extra"]
[Source "ChessBase"]
[SourceDate "2012.06.22"]
[SourceVersion "1"]
[SourceVersionDate "2012.06.22"]
[SourceQuality "1"]
[WhiteTeam "Chalons en Champagne"]
[BlackTeam "Deauville"]
[WhiteTeamCountry "FRA"]
[BlackTeamCountry "FRA"]

1. e4 e5 2. Bc4 Bc5 3. Nc3 Nc6 4. Qg4 g6 5. Qf3 Qf6 6. Nd5 Qxf3 7. Nxf3 Bd6 8. c3 Nce7 9. Ne3 c6 10. Ng4 f6 11. d4 exd4 12. Nxd4 h5 13. Ne3 Bc5 14. 0-0 b5 15. Bd3 a5 16. a4 Bxd4 17. cxd4 b4 18. Nc4 Kf7 19. Bf4 g5 20. Bc7 d5 21. Ne3 Bd7 22. Rfc1 dxe4 23. Bxe4 Ra7 24. Bb6 Ra6 25. Bc5 Nc8 1-0

[Event "FRA-chT Top 12"]
[Site "Belfort"]
[Date "2012.06.02"]
[Round "3.8"]
[White "Fruteau, Sabine"]
[Black "Leconte, Maria"]
[Result "1/2-1/2"]
[WhiteElo "2127"]
[BlackElo "2260"]
[PlyCount "40"]
[EventDate "2012.05.31"]
[EventType "team-tourn"]
[EventRounds "11"]
[EventCountry "FRA"]
[SourceTitle "CBM 148 Extra"]
[Source "ChessBase"]
[SourceDate "2012.06.22"]
[SourceVersion "1"]
[SourceVersionDate "2012.06.22"]
[SourceQuality "1"]
[WhiteTeam "Deauville"]
[BlackTeam "Metz Fischer"]
[WhiteTeamCountry "FRA"]
[BlackTeamCountry "FRA"]

1. e4 c5 2. Nf3 Nc6 3. Bb5 Qc7 4. 0-0 Nf6 5. Re1 e5 6. Bxc6 dxc6 7. d3 h6 8. Nbd2 Be6 9. Nc4 Nd7 10. a4 a5 11. Bd2 Be7 12. Bc3 Bf6 13. Ne3 b6 14. b3 0-0-0 15. Qe2 g6 16. Red1 g5 17. Nd2 h5 18. Ndc4 Kb7 19. Be1 Ra8 20. c3 Be7 1/2-1/2

[Event "FRA-chT Top 12"]
[Site "Belfort"]
[Date "2012.05.31"]
[Round "1.8"]
[White "Fruteau, Sabine"]
[Black "Le Diouron, Aurelie"]
[Result "1/2-1/2"]
[WhiteElo "2127"]
[BlackElo "1954"]
[PlyCount "110"]
[EventDate "2012.05.31"]
[EventType "team-tourn"]
[EventRounds "11"]
[EventCountry "FRA"]
[SourceTitle "CBM 148 Extra"]
[Source "ChessBase"]
[SourceDate "2012.06.22"]
[SourceVersion "1"]
[SourceVersionDate "2012.06.22"]
[SourceQuality "1"]
[WhiteTeam "Deauville"]
[BlackTeam "Guingamp"]
[WhiteTeamCountry "FRA"]
[BlackTeamCountry "FRA"]

1. e4 c5 2. Nf3 g6 3. c3 Bg7 4. d4 cxd4 5. cxd4 d5 6. e5 Nc6 7. Nc3 Bg4 8. Be2 Nh6 9. 0-0 0-0 10. Qb3 Bxf3 11. Bxf3 Nxd4 12. Qxd5 Qxd5 13. Bxd5 Ng4 14. h3 Nxe5 15. Bxb7 Rab8 16. Be4 f5 17. Bd5+ e6 18. Bb3 f4 19. Rd1 Nec6 20. Ba4 e5 21. Kf1 Rfd8 22. Rb1 g5 23. Ne4 h6 24. Bd2 Rd5 25. Rbc1 Ne7 26. Rc7 Nef5 27. Bc1 Ra5 28. b3 a6 29. Bd2 Rd5 30. Rdc1 Nb5 31. Bxb5 Rbxb5 32. Ra7 Rb6 33. Rc8+ Kh7 34. Ke1 Kg6 35. Rca8 Nd4 36. Rxa6 Rxa6 37. Rxa6+ Kh7 38. b4 f3 39. gxf3 Nxf3+ 40. Ke2 Ng1+ 41. Ke3 Nxh3 42. Rd6 Rxd6 43. Nxd6 Kg6 44. b5 Bf8 45. Ne4 Nf4 46. Ba5 Kf5 47. Ng3+ Ke6 48. b6 Bc5+ 49. Kf3 Nd5 50. b7 Ba7 51. Ne4 Kd7 52. Nc3 Nxc3 53. Bxc3 Kc7 54. Bxe5+ Kxb7 55. Kg3 Bxf2+ 1/2-1/2